Vrai/Faux : Homonymes de départements français 8 - Statistiques

Statistiques générales
  • Ce quiz a été pris 10 fois
  • Le résultat moyen est 32 sur 50
Statistiques - réponses
Hint Explanation Réponse % Correct
Moselle est le département numéroté 57 VRAI
100%
Nord est le nom d'une gare parisienne VRAI
100%
Savoie est le département numéroté 73 VRAI
100%
Jura est une appellation de vin VRAI
90%
Lot est un ensemble de produits VRAI
90%
Nièvre est le département numéroté 58 VRAI
90%
Nord est un point cardinal VRAI
90%
Manche est le département numéroté 50 VRAI
90%
Mayenne est un prénom breton Maïwenn FAUX
80%
Jura est une forme du passé simple du verbe Jurer VRAI
80%
Nord est le nom d'une mer VRAI
80%
Orne est un arbre VRAI
80%
Nord est un quartier de Liège VRAI
80%
Orne est un affluent de la Sarthe VRAI
80%
Mayenne est une commune de la Mayenne VRAI
80%
Orne est l'impératif 2e pers du verbe Orner VRAI
80%
Lot est un affluent de la Garonne VRAI
80%
Manche était un transatlantique Pure invention ! FAUX
70%
Lozère est une commune du Tarn-et-Garonne Lauzerte FAUX
70%
Sarthe est un affluent de l'Oise Elle forme avec la Maine, la Mayenne FAUX
70%
Sarthe Jean-Paul est un écrivain FAUX
70%
Jura est le département numéroté 39 VRAI
70%
Savoie était un transatlantique VRAI
70%
Savoie Marie est une miraculée de Lourdes VRAI
70%
Orne est un fleuve VRAI
70%
Loire est une commune d'Indre-et-Loire Pure invention ! FAUX
60%
Landes est une espèce de moutons Pure invention ! FAUX
60%
Morbihan est un fromage AOC Pure invention ! FAUX
60%
Landes est un morceau du boeuf Pure invention ! FAUX
60%
Lot Ferdinand était un historien français VRAI
60%
Jura est l'astéroïde 42113 VRAI
60%
Orne Jules est un général du Second Empire Pure invention ! FAUX
50%
Lot Charles était un banquier anglais Law FAUX
50%
Mayenne est une ville d'Allemagne Mayen FAUX
50%
Morbihan est une classe de sous-marins De voiliers FAUX
50%
Lot est le département numéroté 49 46 FAUX
50%
Nord est un état du Soudan VRAI
50%
Lozère Pierre est un chanteur pour enfants VRAI
50%
Loire était un des navires transportant les bagnards en Guyane VRAI
50%
Manche est un département ayant la forme d'une manche Plutôt... VRAI
50%
Orne est une série de BD VRAI
50%
Mayenne était un sous-marin français Pure invention ! FAUX
40%
Nord est une région du Burkina Faso VRAI
40%
Marne est une commune allemande VRAI
40%
Landes désigne une sorte de forêt De plaine avec peu d'arbres FAUX
30%
Meuse est le nom d'un chant militaire Sambre-et-Meuse FAUX
30%
Lot est le neveu d'Abraham Loth FAUX
30%
Loire est un affluent de l'Aisne VRAI
30%
Nièvre est un affluent de la Somme VRAI
30%
Jura est un massif de la lune VRAI
20%
Aucun quiz correspondant
Distribution des résultats
% des personnes avec chaque résultat
Percentile par nombre de réponses
Votre historique - résultats
Vous n’avez pas pris ce quiz